| 000 | 00519nab a2200157Ia 4500 | ||
|---|---|---|---|
| 003 | ES-SlBCS | ||
| 005 | 20210601143505.0 | ||
| 008 | 140529s1983 xxu||||| |||| 00| 0 spa d | ||
| 041 | _aspa | ||
| 100 | 1 |
_aSharon, Nathan _9269021 |
|
| 245 | 0 | 0 |
_aCómo se adhieren las bacterias a las células _c Nathan Sharon, I. Ofek |
| 650 | 0 | 4 |
_aCélulas-Bacterias _9288001 |
| 700 | 1 |
_aOfek, I. _9288002 |
|
| 773 | 0 |
_tMundo Cientifico (Traducción de: la Recherche Scientifique) _gnº. 25, 1983, págs. 564-566 _wRev1669 |
|
| 942 | _cAR | ||
| 999 |
_c693026 _d693026 |
||